10 największych stanów USA według obszaru - Statystyki

Ogólne statystyki
  • Ten quiz został rozwiązany 603 razy
  • Średni wynik to 6 z 10
Statystyki odpowiedzi
mi2 Stan % Poprawnych
261,232 Teksas
95%
155,779 Kalifornia
92%
570,641 Alaska
86%
121,298 Nowy Meksyk
66%
113,594 Arizona
60%
109,781 Nevada
56%
145,546 Montana
55%
103,642 Kolorado
50%
95,988 Oregon
48%
97,093 Wyoming
38%
Nie znaleziono quizów pasujących do podanych kryteriów
Rozkład punktacji
Procent ludzi z każdym wynikiem
Percentyl według liczby udzielonych odpowiedzi
Twoja historia wyników
Nie rozwiązałeś tego quizu